[Event "Alcorcon Spring op-B 1st"]
[Site "Alcorcon"]
[Date "2019.05.26"]
[Round "9"]
[White "Sanz Munoz, Manuel"]
[Black "Baranco Gonzalez, Nicolas"]
[Result "1-0"]
[WhiteElo "1467"]
[BlackElo "1560"]
[PlyCount "137"]
[EventDate "2019.03.24"]
[EventType "swiss"]
[EventRounds "9"]
[EventCountry "ESP"]
[SourceTitle "EXT 2020"]
[Source "ChessBase"]
[SourceDate "2019.10.17"]
[SourceVersion "1"]
[SourceVersionDate "2019.10.17"]
[SourceQuality "1"]

1. e4 d5 2. exd5 Nf6 3. Nf3 Nxd5 4. Bc4 Bg4 5. Nc3 e6 6. 0-0 Nxc3 7. bxc3 Nc6 8. d4 Qf6 9. Rb1 Bxf3 10. Qxf3 Qxf3 11. gxf3 Na5 12. Bd3 a6 13. Bf4 Bd6 14. Bg3 0-0 15. Rfe1 Rfd8 16. Be5 Bxe5 17. Rxe5 Rd5 18. Rxd5 exd5 19. Re1 Nc6 20. f4 Kf8 21. Kf1 h6 22. f3 Re8 23. Rb1 Rb8 24. Kf2 Ke7 25. Rg1 Kf6 26. Re1 b5 27. Rb1 Rb6 28. a4 Na7 29. Ke3 g5 30. fxg5+ hxg5 31. f4 gxf4+ 32. Kxf4 Rb8 33. h4 c6 34. Rg1 Rh8 35. Rh1 Nc8 36. h5 Ne7 37. Rf1 Rh6 38. Kg4+ Kg7 39. axb5 cxb5 40. Kg5 f6+ 41. Kh4 Nc6 42. Ra1 Nb8 43. Rg1+ Kf7 44. Bg6+ Ke6 45. Re1+ Kd6 46. Kg4 Nd7 47. Kf5 Kc7 48. Re6 Kb7 49. Re7 Kc8 50. Ke6 Nf8+ 51. Kxf6 Nxg6 52. hxg6 Kd8 53. Ra7 Rh2 54. g7 Rf2+ 55. Kg6 Rg2+ 56. Kf7 Rf2+ 57. Kg8 Ke8 58. Rxa6 Ke7 59. Rb6 Rxc2 60. Rxb5 Rxc3 61. Rxd5 Kf6 62. Rd8 Rc7 63. Rd6+ Ke7 64. Rg6 Rc2 65. Rg1 Kf6 66. Kh7 Rh2+ 67. Kg8 Rc2 68. Rh1 Kg6 69. Kh8 1-0

[Event "Madrid San Viator op-B 29th"]
[Site "Madrid"]
[Date "2017.11.05"]
[Round "8"]
[White "Campos Calderon, David"]
[Black "Baranco Gonzalez, Nicolas"]
[Result "1/2-1/2"]
[WhiteElo "1242"]
[BlackElo "1455"]
[PlyCount "52"]
[EventDate "2017.09.17"]
[EventType "swiss"]
[EventRounds "9"]
[EventCountry "ESP"]
[SourceTitle "EXT 2019"]
[Source "ChessBase"]
[SourceDate "2018.10.10"]
[SourceVersion "1"]
[SourceVersionDate "2018.10.10"]
[SourceQuality "1"]

1. d4 d5 2. c4 dxc4 3. e3 Nf6 4. Nc3 e6 5. Bxc4 Bd7 6. Nf3 Bb4 7. 0-0 0-0 8. Qc2 Nc6 9. Bd2 Re8 10. a3 Bxc3 11. bxc3 h6 12. Rab1 b6 13. e4 Na5 14. Bd3 c5 15. Be2 cxd4 16. cxd4 Rc8 17. Qd3 Nc6 18. Ne1 Ne7 19. f4 Bc6 20. Bf3 Ng6 21. e5 Bxf3 22. exf6 Bxg2 23. Nxg2 Qxf6 24. Rbc1 Rcd8 25. Be3 Qe7 26. Qc3 Qb7 1/2-1/2

[Event "Madrid San Viator op-B 29th"]
[Site "Madrid"]
[Date "2017.10.01"]
[Round "3"]
[White "Baranco Gonzalez, Nicolas"]
[Black "Jubin Diez, Damien"]
[Result "1-0"]
[WhiteElo "1455"]
[BlackElo "1138"]
[PlyCount "96"]
[EventDate "2017.09.17"]
[EventType "swiss"]
[EventRounds "9"]
[EventCountry "ESP"]
[SourceTitle "EXT 2019"]
[Source "ChessBase"]
[SourceDate "2018.10.10"]
[SourceVersion "1"]
[SourceVersionDate "2018.10.10"]
[SourceQuality "1"]

1. e4 e6 2. Nf3 d5 3. exd5 exd5 4. d4 Bg4 5. Be2 h6 6. 0-0 Nf6 7. Re1 Be7 8. h3 Bh5 9. Nh2 Bg6 10. Ng4 Nxg4 11. Bxg4 0-0 12. Nc3 c6 13. Bf4 Bf6 14. Be5 Bxe5 15. dxe5 Re8 16. f4 Qb6+ 17. Kh1 Qxb2 18. Na4 Qxc2 19. Qxc2 Bxc2 20. Nc5 b6 21. Nd7 Na6 22. e6 fxe6 23. Bxe6+ Kh8 24. Ne5 Nc5 25. f5 Be4 26. Nxc6 Nxe6 27. fxe6 Rxe6 28. Nd4 Re7 29. Nf5 Rc7 30. Nd6 Bg6 31. Re6 Rc6 32. Nf7+ Bxf7 33. Rxc6 Rd8 34. Rc7 Bg6 35. Rxa7 Bc2 36. Rc1 Be4 37. Re7 Bd3 38. a4 d4 39. Re6 b5 40. axb5 Bxb5 41. Re5 Ba4 42. Re4 Bb3 43. Rce1 d3 44. Re8+ Rxe8 45. Rxe8+ Kh7 46. Rd8 Bc2 47. Kg1 g6 48. Rd7+ Kg8 1-0

[Event "Madrid San Viator op-B 28th"]
[Site "Madrid"]
[Date "2017.04.23"]
[Round "4"]
[White "Baranco Gonzalez, Nicolas"]
[Black "Alberti Jimenez, Bernardo"]
[Result "1-0"]
[WhiteElo "1303"]
[BlackElo "1489"]
[PlyCount "79"]
[EventDate "2017.03.26"]
[EventType "swiss"]
[EventRounds "9"]
[EventCountry "ESP"]
[SourceTitle "EXT 2019"]
[Source "ChessBase"]
[SourceDate "2018.10.10"]
[SourceVersion "1"]
[SourceVersionDate "2018.10.10"]
[SourceQuality "1"]

1. e4 d5 2. exd5 Qxd5 3. Nc3 Qa5 4. Nf3 Bg4 5. h3 Bh5 6. Be2 Nf6 7. d4 Nc6 8. Bd2 Bxf3 9. Bxf3 Nxd4 10. Bxb7 Rb8 11. Nd5 Qa4 12. b3 Nxb3 13. Nxf6+ gxf6 14. cxb3 Qb5 15. Bf3 Bg7 16. Be2 Qe5 17. 0-0 Rd8 18. Qe1 f5 19. Rc1 0-0 20. Bc3 Qd6 21. Bxg7 Kxg7 22. Qc3+ f6 23. Qxc7 Qxc7 24. Rxc7 Kf7 25. Bc4+ Kg6 26. Rxe7 a5 27. Ra7 Ra8 28. Rxa8 Rxa8 29. Rd1 a4 30. bxa4 Rxa4 31. Bb3 Ra7 32. Be6 Ra6 33. Bb3 Ra7 34. a4 h5 35. Rd5 Rc7 36. a5 f4 37. a6 Rc1+ 38. Rd1 Rc7 39. Ra1 Ra7 40. Bc4 1-0

[Event "Madrid San Viator op-B 27th"]
[Site "Madrid"]
[Date "2016.10.23"]
[Round "6"]
[White "Baranco Gonzalez, Nicolas"]
[Black "Ghavami, Mahmoud"]
[Result "0-1"]
[WhiteElo "1300"]
[BlackElo "1592"]
[PlyCount "124"]
[EventDate "2016.09.25"]
[EventType "swiss"]
[EventRounds "9"]
[EventCountry "ESP"]
[SourceTitle "EXT 2019"]
[Source "ChessBase"]
[SourceDate "2018.10.10"]
[SourceVersion "1"]
[SourceVersionDate "2018.10.10"]
[SourceQuality "1"]

1. e4 e6 2. Nf3 c5 3. Nc3 a6 4. Bc4 b5 5. Be2 Nc6 6. 0-0 Nge7 7. d4 Ng6 8. d5 Nce5 9. dxe6 fxe6 10. Nxe5 Nxe5 11. Bf4 Ng6 12. Bd6 Bxd6 13. Qxd6 Qe7 14. Qxe7+ Kxe7 15. Bf3 Ne5 16. Be2 Bb7 17. f4 Nc6 18. Rfe1 Nd4 19. Bd1 g6 20. Ne2 Nxe2+ 21. Rxe2 Rhf8 22. g3 Kf6 23. c3 d5 24. Bc2 Rae8 25. e5+ Kg7 26. Rf1 Rd8 27. Rd2 Rf7 28. a4 Rdf8 29. axb5 axb5 30. Rdf2 Bc6 31. b3 Ra7 32. Bb1 Ra3 33. Bc2 c4 34. Rb1 Rfa8 35. Rff1 Ra2 36. Rfc1 R8a3 37. Kf1 cxb3 38. Rxb3 Rxb3 39. Bxb3 Rxh2 40. Kg1 Rb2 41. Bd1 Ra2 42. Bc2 Kf7 43. g4 Bd7 44. Bd3 Rd2 45. Bf1 Ra2 46. Rb1 Ra4 47. Rb4 Rxb4 48. cxb4 h6 49. Kf2 Bc6 50. Ke3 Ke7 51. Kd4 Kd8 52. Kc5 Kc7 53. Bxb5 Bxb5 54. Kxb5 Kb7 55. Kc5 h5 56. gxh5 gxh5 57. Kd6 h4 58. Kxe6 h3 59. Kd7 h2 60. e6 h1Q 61. e7 Qh3+ 62. Kd8 Qc8# 0-1